00515 2200205 4500001002100000005001500021008004100036020002200077035001900099041000700118082001000125090001600135100002600151245003400177250001000211260004000221300002800261500001100289650000900300INLIS00000000000233620241224112523241224||||||||| | ||| |||| || |  a978-979-769-116-5 0010-1224002336 aid0 a612.3 a612.3 UNI g0 aUniversitas Indonesia00aGizi Dan Kesehatan Masyarakat aEd. 1 aJakartabRajaGrafindo Persadac2012 axviii, 342 hlm. ; 21 cm aCet. 7 0agizi